000 00309nam a2200109Ia 4500
008 201224s9999 xx 000 0 und d
100 _aCorsi, J.R : Lippman, Mathew Ross
245 0 _aConstitutional Law: A Political Science case book
260 _aEnglewood Cliffs
_bPrentice Hall
300 _a664
942 _cBK
999 _c8790
_d8790